书目信息 |
| 题名: |
韦庄词校注
|
|
| 作者: | 韦庄 著 ;刘金城 校注 | |
| 分册: | ||
| 出版信息: | 北京 中国社会出版社 1981 |
|
| 页数: | 83页 | |
| 开本: | 21cm | |
| 丛书名: | ||
| 单 册: | ||
| 中图分类: | I222.842 | |
| 科图分类: | ||
| 主题词: | 词(文学)--注释--中国--唐代 | |
| 电子资源: | ||
| ISBN: | ||
| 000 | 00682nam0 2200253 45 | |
| 001 | 0181001957 | |
| 005 | 20040418154231.1 | |
| 010 | @dCNY0.44 | |
| 091 | @a10190.040 | |
| 100 | @a19950621d1981 em y0chiy0121 ea | |
| 101 | 0 | @achi |
| 102 | @aCN@b110000 | |
| 105 | @ay z 000gy | |
| 106 | @ar | |
| 200 | 10 | @a韦庄词校注@Awei zhuang ci jiao zhu@f(唐)韦庄著@g刘金城校注 |
| 210 | @a北京@c中国社会出版社@d1981 | |
| 215 | @a83页@d21cm | |
| 606 | @a词(文学)@x注释@y中国@z唐代 | |
| 690 | @aI222.842@v3 | |
| 701 | 0 | @a韦庄@Awei zhuang@f唐@4著 |
| 702 | 0 | @a刘金城@Aliu jin cheng@4校注 |
| 801 | 0 | @aCN@b上海图书馆@c20040418 |
| 801 | 2 | @aCN@bNLC@c20040418 |
| 905 | @dI222.842@e378 | |
| 韦庄词校注/(唐)韦庄著/刘金城校注.-北京:中国社会出版社,1981 |
| 83页;21cm |
| ISBN :CNY0.44 |
| ● |
| 相关链接 |
|
|
|
|
正题名:韦庄词校注
索取号:I222.842/378
 
预约/预借
| 序号 | 登录号 | 条形码 | 馆藏地/架位号 | 状态 | 备注 |
| 1 | 0251455 | 000750725 | 第二借阅区/ [索取号:I222.842/378] | 在馆 | |
| 2 | 0251456 | 000749774 | 密集书库/ [索取号:I222.842/378] | 在馆 | |
| 3 | 0251457 | 000749818 | 密集书库/ [索取号:I222.842/378] | 在馆 | |
| 4 | 0251458 | 000749783 | 密集书库/ [索取号:I222.842/378] | 在馆 | |
| 5 | 0251459 | 000749827 | 第一样本阅览室/ [索取号:I222.842/378] | 在馆 |